| 000 | 01093nam a22002897a 4500 | ||
|---|---|---|---|
| 001 | 06147 | ||
| 003 | HDC | ||
| 007 | cr bn ---aaaaa | ||
| 008 | 210123b20032003xxu||||| |||| 00| 0 eng d | ||
| 020 | _a9780203488393 | ||
| 040 | _aHDC | ||
| 100 |
_aSidebottom, Charles B. _eauthor _96473 |
||
| 245 | 4 |
_aThe Federal Food, Drug, and Cosmetic Act _c/ Charles B. Sidebottom |
|
| 260 |
_aUnited States: _bCRC Press, _c2003 |
||
| 300 | _a1 online resource (23 pages) | ||
| 336 |
_atext _2rdacontent |
||
| 337 |
_acomputer _2rdamedia |
||
| 338 |
_aonline resource _2rdacarrier |
||
| 500 | _aOriginally from: International Labeling Requirements for Medical Devices, Medical Equipment and Diagnostic Products, 2003 | ||
| 650 |
_aCosmetics _xLaw and legilastion _96476 |
||
| 650 |
_aDrug _xLaw and legilastion _96475 |
||
| 650 |
_aFood _xLaw and legilastion _96474 |
||
| 856 | _zRequest full-text at [email protected] | ||
| 942 | _2lcc | ||
| 942 | _cCHAP | ||
| 942 | _kEBCH 004223 | ||
| 999 |
_c3471 _d3471 |
||